តាជឿងនិងចោរ / (Record no. 4588)
[ view plain ]
| 000 -LEADER | |
|---|---|
| fixed length control field | 02311nam a22003257a 4500 |
| 001 - CONTROL NUMBER | |
| control field | 4588 |
| 003 - CONTROL NUMBER IDENTIFIER | |
| control field | FISKH |
| 005 - DATE AND TIME OF LATEST TRANSACTION | |
| control field | 20240917140214.0 |
| 008 - FIXED-LENGTH DATA ELEMENTS--GENERAL INFORMATION | |
| fixed length control field | 240917b cb ||||| |||| 00| 0 eng d |
| 020 ## - INTERNATIONAL STANDARD BOOK NUMBER | |
| International Standard Book Number | 9789995001865 |
| 040 ## - CATALOGING SOURCE | |
| Original cataloging agency | FISKH |
| Language of cataloging | Khmer |
| Transcribing agency | FISKH |
| Modifying agency | FISKH |
| 050 ## - LIBRARY OF CONGRESS CALL NUMBER | |
| Classification number | PZ7 |
| 082 ## - DEWEY DECIMAL CLASSIFICATION NUMBER | |
| Classification number | 800 |
| 100 ## - MAIN ENTRY--PERSONAL NAME | |
| Personal name | Cheung , Yim |
| Relator term | author |
| 245 ## - TITLE STATEMENT | |
| Title | តាជឿងនិងចោរ / |
| Statement of responsibility, etc. | by Yim Cheung |
| 250 ## - EDITION STATEMENT | |
| Edition statement | បោះពុម្ពលើកទី១ឆ្នាំ២០១៣ |
| 260 ## - PUBLICATION, DISTRIBUTION, ETC. | |
| Place of publication, distribution, etc. | ភ្នំពេញ : |
| Name of publisher, distributor, etc. | គ្រឺះស្ថានបោះពុម្ពនិងចែកផ្សាយ ; |
| Date of publication, distribution, etc. | ២០១៣ . |
| 300 ## - PHYSICAL DESCRIPTION | |
| Extent | 8 pages : |
| Other physical details | color illustrations ; |
| Dimensions | 18 cm . |
| 490 ## - SERIES STATEMENT | |
| Series statement | រឿងនិទានអប់រំសម្រាប់កុមារ |
| 505 ## - FORMATTED CONTENTS NOTE | |
| Formatted contents note | Q <br/> |
| 520 ## - SUMMARY, ETC. | |
| Summary, etc. | តាជឿងគីជាមន្ត្រីចូលនិវត្តន៏ម្នាក់។ ភ្លៀងខានធ្លាក់ច្រើនថ្ងៃ ដំណាំគាតក៏កាន់តែស្រពោនទៅដែរ។ គាត់ដើរមើលដំណាំក៏បានឃើញចោរពីរនាក់បម្រុងចូលរួមទ្រព្យសម្បត្តិគាត់ គាត់ក៏ប្រើល្បិចដាក់ចោរដោយយកដុំថ្មដាក់ចូលក្នុងហិបហើយក៏ទំលាក់ចូលអណ្តូង ។ពួកចោរយោងទឹកហើយចាក់ចោលក្នុងសួនច្បារពេញមួយយប់ទោះបដឺងថាខ្លួនចាញ់កលតាជឿង ។ |
| 520 ## - SUMMARY, ETC. | |
| Summary, etc. | Grandpa Cheung is a retired official. The rain did not fall for many days, and his crops withered. He looked around and saw two thieves trying to steal his property.<br/>The thieves carried the water and dumped it in the garden all night, even though they knew they had lost their faith. |
| 521 8# - TARGET AUDIENCE NOTE | |
| Target audience note | 660 <br/> |
| Source | Lexile estimate <br/> |
| 521 8# - TARGET AUDIENCE NOTE | |
| Target audience note | Q <br/> |
| Source | Raz-Plus <br/> |
| 650 ## - SUBJECT ADDED ENTRY--TOPICAL TERM | |
| Topical term or geographic name entry element | មនុស្សពីរនាក់ |
| Form subdivision | រឿងនិទានកុមារ |
| 650 ## - SUBJECT ADDED ENTRY--TOPICAL TERM | |
| Topical term or geographic name entry element | two people |
| Form subdivision | children's stories |
| 700 ## - ADDED ENTRY--PERSONAL NAME | |
| Personal name | Vanthen, Huy |
| Relator term | illustrator |
| 942 ## - ADDED ENTRY ELEMENTS (KOHA) | |
| Source of classification or shelving scheme | Dewey Decimal Classification |
| Koha item type | Khmer Books |
| Suppress in OPAC | No |
| Withdrawn status | Lost status | Source of classification or shelving scheme | Damaged status | Not for loan | Collection | Home library | Current library | Shelving location | Date acquired | Total Checkouts | Full call number | Barcode | Date last seen | Copy number | Price effective from | Koha item type |
|---|---|---|---|---|---|---|---|---|---|---|---|---|---|---|---|---|
| Dewey Decimal Classification | Khmer Language Books / សៀវភៅភាសាខ្មែរ | Footprints International School Library Network Toul Tom Poung Campus | Footprints International School Library Network Toul Tom Poung Campus | TTP Primary Khmer Bookshelves | 09/17/2024 | CHE PZ7 800 | FIS02074 | 09/17/2024 | 1 | 09/17/2024 | Khmer Books | |||||
| Dewey Decimal Classification | Khmer Language Books / សៀវភៅភាសាខ្មែរ | Footprints International School Library Network Toul Tom Poung Campus | Footprints International School Library Network Toul Tom Poung Campus | TTP Primary Khmer Bookshelves | 12/11/2025 | CHE PZ7 800 | FIS01293 | 12/11/2025 | 2 | 12/11/2025 | Khmer Books |
